Statystyki dla Quiz o Samoa

Kliknij tutaj aby rozwiązać quiz!

Ogólne statystyki

  • Ten quiz został rozwiązany 447 razy
  • Średni wynik to 11 z 20

Statystyki odpowiedzi

WskazówkaOdpowiedź% Poprawnych
Języki oficjalneangielski
96%
Państwo, które nadal kontroluje wschodnią część wysp SamoaStany Zjednoczone
93%
Języki oficjalnesamoański
68%
98% Samoańczyków praktykuje tę religięChrześcijaństwo
67%
StolicaApia
66%
Region Oceanii, do którego należy SomoaPolinezja
65%
Państwo, od którego Samoa uzyskało niepodległość w 1962 rokuNowa Zelandia
64%
Państwo, które panowało nad Samoa w latach 1900–1914Niemcy
61%
Najpopularniejszy sportRugby union
57%
Tradycyjnie wielu Samoańczyków ma je na ciele, znane są
jako pe'a (u mężczyzn) lub mula (u kobiet)
Tatuaż
54%
Konstelacja przedstawiona na fladzeKrzyż Południa
53%
22% populacji Samoa zmarło w wyniku tej pandemii z lat 1918–1919, co
czyni je prawdopodobnie najbardziej dotkniętym państwem na świecie
Pandemia
{grypy} {hiszpanki}
51%
Czynność, którą Samoańczycy wykonywali po prawej stronie do 2009 roku,
ale aktualnie wykonują po lewej stronie
Prowadzenie
samochodu
48%
Nazwa Samoa sprzed 1997 r.Samoa {Zachodnie}
48%
Tradycyjne domy Samoa nie mają...Ścian
45%
30 grudnia 2011 roku na Samoa nigdy nie było, ponieważ państwo
przeszło na drugą stronę tej wyimaginowanej linii
Linia zmiany daty
44%
Dwie główne wyspy Samoa (nazwij którąkolwiek)Savai'i / Upolu
33%
Kopra, podstawowa roślina uprawna, to suszone mięso tej tropikalnej roślinyOrzech kokosowy
32%
Szkocki pisarz "Wyspy skarbów”, który mieszkał w SamoaRobert Louis Stevenson
31%
Warzywo korzeniowe, które było głównym
eksportem Samoa przed zarazą w 1994 roku
Kolokazja jadalna
26%

Rozkład punktacji

Percentyl według liczby udzielonych odpowiedzi

Procent ludzi z każdym wynikiem

Twoja historia wyników

Nie rozwiązałeś tego quizu